| 000 | 00959cas a22002897ar4500 | ||
|---|---|---|---|
| 005 | 20220329143032.0 | ||
| 008 | 001017d us br pernn 0 b1eng d | ||
| 010 | _a90988 | ||
| 011 | _a91960 | ||
| 022 | _a0022-1163 | ||
| 035 | _a102523 | ||
| 245 | 0 | 0 |
_aJournal of Food Technology _c/by Institute of Food Science and Technology |
| 260 | 0 |
_aOsney Mead, Oxford: _bBlackwell Scientific Publications _c1966. |
|
| 300 | _av. | ||
| 310 | _aBimestral | ||
| 321 | _aTrimestral | ||
| 362 | _av.21n.6,1986 | ||
| 590 |
_aBATCH-UPD _b10 _c20130110 _lUCH01 _h0621 |
||
| 590 |
_aBATCH-UPD _b10 _c20130410 _lUCH01 _h0304 |
||
| 590 |
_aBATCH-UPD _b10 _c20130914 _lUCH01 _h0208 |
||
| 590 |
_aCONVERSION _b10 _c20130109 _lUCH01 _h1350 |
||
| 650 | 1 | 4 |
_aAlimentos _xTecnología _xPublicaciones periódicas. _94292 |
| 785 | _tInternational Journal Food Science Technology | ||
| 866 | _av.8 n.1-v.21 n.6 (1973-1986) | ||
| 901 | _aSE | ||
| 905 | _aAraceli Hernández Gómez. | ||
| 999 |
_c90988 _d90988 |
||